000 00901nam a2200253Ia 4500
003 OSt
005 20220923215237.0
006 a|||||r|||| 00| 0
007 ta
008 220922b |||||||| |||| 00| 0 hin d
024 _a176,893
037 _cTextual
040 _aARTS
_cARTS
_bhin
041 _2hin
_ahin
082 _aO152,1(Q224):g, L9;M7
100 _aभारती, कमला
245 0 _aभक्ति कालीन ब्रजभाषा मुक्तक राम काव्य
246 _aBhakti kālīn brajabhāṣhā muktak rām kāvya
260 _aलखनऊ
_b हिन्दी साहित्य भण्डार
_c1987
300 _a332 पृ.
_ccm.
650 _aहिन्दी साहित्य
_9156264
942 _hO152,1(Q224):g, L9;M7
_cTEXL
_2CC
999 _c330388
_d330388